000 00493nam a2200181Ia 4500
008 100920s9999 xx 000 0 und d
082 _b30860
_a5 ढ 90
100 _aMALLESON COLONEL.
245 _aRULERS OF INDIA ( Dupleix ).
260 _bTHE CLARENDON PRESS.
_c1890
300 _a188
_bसाधी
365 _b0
520 _aई.एल. ई.
630 _aRULERS OF INDIA ( Dupleix ).
650 _aई.एल. ई.
730 _aRULERS OF INDIA ( Dupleix ).
942 _cBOOK
999 _c686187
_d686184